000 00598nam a2200205Ia 4500
005 20250508165512.0
008 008 250505s9999 xx 000 0 hin d
020 _a978-93-5007-019-2
037 _aReference
040 _aFEDL
_beng
_cFEDL
041 _ahin
_2hin
084 _a510, NCE/RR
_qFEDL
245 0 _aGanit prayogshala pustika: Madhyamik star
245 0 _cNCERT
260 _aNew Delhi, India
_bNational Council of Educational Research and Training
_c2011
300 _axiv, 203p.
365 _aINR
_b85
942 _cREF
_h510, NCE/RR
999 _c1395495
_d1395495